000 00639nam a2200217Ia 4500
005 20260601193220.0
008 260601s9999||||xx |||||||||||||| ||und||
020 _a978-981-99-7872-4
_qebk
100 _aChao Li
245 0 _aAdvanced Parallel Processing Technologies
250 _a1st ed. 2024
260 _aHeidelberg, Germany
_bSpringer Nature
_c2024
440 _aLecture Notes in Computer Science
650 _aComputer Science
700 _aFan Wu
700 _aLi Shen
700 _aXiaoli Gong
700 _aZhenhua Li
856 _uhttps://link.springer.com/openurl?genre=book&isbn=978-981-99-7872-4
942 _cEB
_2ddc
999 _c55780
_d55780